000
00307nam a22001217a 4500
008
170620b xxu||||| |||| 00| 0 eng d
041
_a
eng
080
_a
321
100
_a
20
101
_a
SHP
245
_a
THE ROAD FROM PARADISE PROSPECT DEMOCRACY IN EASTERN EUROPE
_c
MESTROVIC.S.G
942
_2
udc
_c
BK
999
_c
18354
_d
18354